00345nam a2200133 a 450000500170000000800410001702000150005805000200007310000170009324500330011026000350014330000210017865000120019920140310183506.0100918s19uu xx 00 eng d a038078503x aPZ 7b.K58 1997 aKirby, Susan aPrairie Rose /cSusan Kirby. aNew York :bAvon Books,c1997. a357 p. :c18 cm. aFiction